000 00416nam a2200181Ia 4500
001 17638
005 20260306171532.0
008 260306s9999||||xx |||||||||||||| ||und||
041 _aESP
082 _a658.1
_bZ86
100 _aZorita Lloreda, Enrique
_eAUT
245 0 _aPlan de negocio
260 _c2016
300 _a231 páginas :
_c24 cm.
650 _aGEN
654 _aCAN
942 _cLIB
_dJUS
_fJUS
_2ddc
_n
999 _c17638
_d17638